000 00340nam a2200133 i 4500
001 43709
003 ES-MaACL
007 t|
008 030318s1893 sp ||||1| spa d
245 0 0 _aCatálogo general histórico-europea 1892 a 1893.
260 _aMadrid :
_bFortanet,
_c1893.
300 _a355 p. ;
_c24 cm.
852 _aES-MaACL
_jG-1691
999 _c43709
_d43709